Urban research in Brazil and Venezuela (Record no. 542462)
[ view plain ]
| 000 -LEADER | |
|---|---|
| fixed length control field | 00364nam a22001217a 4500 |
| 082 ## - DEWEY DECIMAL CLASSIFICATION NUMBER | |
| Classification number | 307.760981 |
| Author Mark | VAL |
| -- | D |
| 245 ## - TITLE STATEMENT | |
| Title | Urban research in Brazil and Venezuela |
| Remainder of title | towards an agenda for the 1990s |
| Statement of responsibility, etc. | Licia Valladares |
| 260 ## - PUBLICATION, DISTRIBUTION, ETC. | |
| Place of publication, distribution, etc. | 1990 |
| Name of publisher, distributor, etc. | World Bank |
| 300 ## - PHYSICAL DESCRIPTION | |
| Extent | Various paging |
| 526 ## - STUDY PROGRAM INFORMATION NOTE | |
| Program name | 0 |
| Interest level | 0 |
| Reading level | 0 |
| Title point value | 307_760981000000000_VAL |
| 650 ## - SUBJECT ADDED ENTRY--TOPICAL TERM | |
| Topical term or geographic name entry element | NUST |
| 9 (RLIN) | 6342 |
| 942 ## - ADDED ENTRY ELEMENTS (KOHA) | |
| Source of classification or shelving scheme | |
| Koha item type | Book |
| Withdrawn status | Lost status | Source of classification or shelving scheme | Damaged status | Not for loan | Permanent Location | Current Location | Date acquired | Total Checkouts | Full call number | Barcode | Date last seen | Price effective from | Koha item type |
|---|---|---|---|---|---|---|---|---|---|---|---|---|---|
| Military College of Engineering (MCE) | Military College of Engineering (MCE) | 12/23/2013 | 307.760981 VAL | MCE-42065 | 12/23/2013 | 12/23/2013 | Book |
